أحاديث مشروحة مختارة لطلبة السنة الثانية

محفوظ في:

المؤلف الرئيسي: عبد الحليم احمد فاروق.

التنسيق: كتاب

اللغة: Undetermined

منشور في: Al-Qāhirah matbaeat alazhar 1953

الوسوم: إضافة وسم

لا توجد وسوم, كن أول من يضع وسما على هذه التسجيلة!

رقم الطلب: O40 QADU

LEADER 00423nam a2200121Ia 4500
008 240404s9999||||xx |||||||||||||| ||und||
050 4 |a O40 QADU 
100 1 |a عبد الحليم احمد فاروق. 
245 1 0 |a أحاديث مشروحة مختارة لطلبة السنة الثانية  |c عبد الحليم احمد فاروق 
264 1 |a Al-Qāhirah  |b matbaeat alazhar  |c 1953 
300 |a 120  |c 24 
942 |2 lcc  |c BK 
999 |c 58110  |d 58110